| 000 | 00458nam a22001577a 4500 | ||
|---|---|---|---|
| 003 | NUST - PNEC | ||
| 005 | 20170116180924.0 | ||
| 008 | 150905b xxu||||| |||| 00| 0 eng d | ||
| 040 | _cLIBRARY | ||
| 082 | _a621.3 NEA | ||
| 100 |
_97950 _aNeal, J.P. |
||
| 245 |
_aElectrical engineering fundamentals; _b a unified introduction to electrical engineering. _cJ.P. Neal |
||
| 260 | _cc 1960 | ||
| 650 |
_95527 _aElectrical Engineering _xEL, EE |
||
| 942 |
_2ddc _cBK |
||
| 999 |
_c65725 _d65725 |
||